Statistics for Birds of the US - Tyrant Flycatchers

Click here to take the quiz!

General Stats

  • This quiz has been taken 11 times
  • The average score is 23 of 34

Answer Stats

HintAnswer% Correct
Tyrannus tyrannusEastern Kingbird
100%
Sayornis sayaSay’s Phoebe
100%
Tyrannus forficatusScissor-tailed Flycatcher
100%
Tyrannus verticalisWestern Kingbird
100%
Empidonax virescensAcadian Flycatcher
90%
Contopus virensEastern Wood Pewee
90%
Empidonax minimusLeast Flycatcher
90%
Empidonax trailliiWillow Flycatcher
90%
Empidonax alnorumAlder Flycatcher
80%
Myiarchus cinerascensAsh-throated Flycatcher
80%
Sayornis nigricansBlack Phoebe
80%
Sayornis phoebeEastern Phoebe
80%
Myiarchus crinitusGreat Crested Flycatcher
80%
Contopus cooperiOlive-sided Flycatcher
80%
Tyrannus melancholicusTropical Kingbird
80%
Pyrocephalus (rubinus) obscurusVermilion Flycatcher
80%
Empidonax occidentalisCordilleran Fkycatcher
70%
Empidonax hammondiiHammond’s Flycatcher
70%
Empidonax difficilisPacific Slope Flycatcher
70%
Contopus sordidulusWestern Wood Pewee
70%
Empidonax flaviventrisYellow-bellied Flycatcher
70%
Empidonax oberholseriAmerican Dusky Flycatcher
60%
Tyrannus couchiiCouch’s Kingbird
60%
Myiodynastes luteiventrisSulphur-bellied Flycatcher
60%
Empidonax wrightiiAmerican Grey Flycatcher
50%
Tyrannus vociferansCassin’s Kingbird
50%
Contopus pertinaxGreater Pewee
50%
Camptostoma imberbeNorthern Beardless Tyrannulet
50%
Myiarchus tyrannulusBrown-crested Flycatcher
40%
Tyrannus dominicensisGrey Kingbird
40%
Tyrannus crassirostrisThick-billed Kingbird
40%
Empidonax fulvifronsBuff-breasted Flycatcher
30%
Myiarchus tuberculiferDusky-capped Flycatcher
30%
Pitangus sulphuratusGreat Kiskadee
30%

Score Distribution

Percentile by Number Answered

Percent of People with Each Score

Your Score History

You have not taken this quiz